Bounce back and win
| Main Author: | |
|---|---|
| Format: | Book |
| Published: |
New Delhi, India :
Manjul Publishing House Pvt. Ltd. ,
2003
|
| Subjects: |
MARC
| LEADER | 00000cam a2200000 7i4500 | ||
|---|---|---|---|
| 001 | 0000003551 | ||
| 005 | 20060621.0 | ||
| 020 | 0 | 0 | |a 8186775390 |
| 090 | 0 | 0 | |a 158 |b FRI |
| 100 | 1 | 0 | |a Fritz, Roger. |
| 245 | 1 | 0 | |a Bounce back and win |c Roger Fritz. |
| 260 | 0 | 0 | |a New Delhi, India : |b Manjul Publishing House Pvt. Ltd. , |c 2003 |
| 300 | |a xi, 171 p. ; |c 22 cm. | ||
| 650 | 0 | 0 | |a Success in business. |
| 650 | 0 | 0 | |a Success |x Psychological aspects |
| 999 | |a 0000006866 |b Monograph |c Open Shelf |e Default branch | ||